1726 1678 1329 1799 1627 1162 1626 1764 1243 1818 1019 1611 1276 1178 1131 1281 1605 1573 1402 1999 1703 1462 1920 1560 1479 1914 1043 1974 1569 1908 1626 1558 1148 1164 1503 1580 1324 1534 1268 1408 1472 1246 1846 1835 1373 1115 1932 1229 1804 1630 1557 1512 1252 1124 1140 1267 1855 1128 1734 1114 1705 1105 1904 1716 1729 1014 1556 1166 1573 1328 1824 1326 1108 1377 1417 1949 1723 1758 1389 1333 1821 1403 1874 1185 1860 1159 1107 1361 1941 1057 1230 1479 1059 1579 1711 1566 1259 1909 1538 BCNSPRNW ULIB Ver.6.0+V

เปลี่ยนเป็นภาษาไทย

Change to English
 แสดงรายละเอียดบรรณานุกรม
  กลับหน้าหลัก

Brief Record : Get Marc (ISO 2709) : E-mail record : QR code < ปิดหน้าต่าง
LEADER : 00000nam 2200000uu 4500
001    13399112536
003     ULIB
008    110823s2547||||th 000 0 tha d
020    9744653663
060  4 QV89^bท713ก 2547
245 00 คู่มือการปรึกษาในสถานการณ์ยาเสพติด /^cกรมสุขภาพจิตกระทรวงสาธารณสุข ; บรรณาธิการ, เทอดศักดิ์ เดชคง
260    กรุงเทพฯ :^bกรมสุขภาพจิต,^c2547
300    105 หน้า ;^c30 ซม.
650  7 ยาเสพติด^xแง่จิตวิทยา
650  7 การให้คำปรึกษา^xแง่จิตวิทยา
700 0  เทอดศักดิ์ เดชคง
945    ^p0^l0^i13588
945    ^p0^l0^i13590
945    ^p0^l0^i13591
945    ^p0^l0^i13589
995    กัณชพร
999    ^aใช้งานได้ทุกระบบ
รายการนี้ยังไม่มีแท็ก
คุณยังไม่ได้ล็อกอิน คุณสามารถมีกิจกรรมร่วมกับเว็บไซต์ได้ แต่ต้องล็อกอินก่อน ::
  ล็อกอิน

รายการสื่อสารสนเทศ

ลำดับที่ ประเภท เลขเรียก/บาร์โค้ด สถานที่ สถานะ
1. วิทยาศาสตร์การแพทย์ และสุขภาพ
วิทยาศาสตร์การแพทย์ และสุขภาพ
QV89 ท713ก 2547 ฉ.4 
  Barcode: 13589
ห้องสมุดวิทยาเขตสวรรค์ประชารักษ์
►หนังสือทั่วไป
ถูกยืม กำหนดส่งวันที่ 15 พฤษภาคม 2558
  จอง

BibComment


ยังไม่เคยถูกคอมเมนท์

คอมเมนท์ทรัพยากรรายการนี้
  คอมเมนท์: คู่มือการปรึกษาใน..


 Copyright 2026. Bcnsprnw @Library